| 000 | 01284 a2200217 4500 | ||
|---|---|---|---|
| 001 | 30678 | ||
| 005 | 20260407155616.0 | ||
| 008 | 260407a1980 arg spa d | ||
| 003 | AR-UNSa-BCEJYS | ||
| 040 |
_aAR-UNSa-BCEJYS _bspa _cAR-UNSa-BCEJYS |
||
| 080 |
_a657.41 _xContabilidad Financiera |
||
| 245 | 1 | 0 | _aIntroducción a la contabilidad financiera |
| 020 | _a968-18-1174-7 | ||
| 264 | 1 |
_aMéxico : _bLimusa _c1980 |
|
| 300 |
_a467 p. _c23 cm. |
||
| 505 | _aCap. I: Identificación, evaluación y comunicación de la información financiera - Cap. II: Los estados financieros: generalidades - Cap. III: Evaluación y registro de la información financiera - Cap. IV: Procesos de ajuste y cierre - Cap. V: El efectivo - Cap. VI: Cuentas por cobrar - Cap. VII: El inventario - Cap. VIII: Inversiones - Cap. IX: Activo fijo, activo intangible y recursos naturales - Cap. X: El pasivo - Cap. XI: Capital social -Cap. XII: Estado de cambios en la situaciuón financiera - Cap. XIII: Análisis de estados financieros - Cap. XIV: Origen de los principios de contabilidad. Problemas contemporáneos - Cap. XV: Contabilidad administrativa: generalidades | ||
| 942 | _cBK | ||
| 590 | _aniveau_biblio:m niveau_hierar:0 | ||
| 100 | 1 | _aMc Cullers, Levis | |
| 700 | 1 | _aVan Daniker, Relmond P. | |
| 999 |
_c2106 _d2106 |
||